| 000 | 01037nam0a2200325 4500 | ||
|---|---|---|---|
| 001 | RU\NLR\BIBL_A\022626808 | ||
| 005 | 20251120113327.0 | ||
| 010 |
_a978-5-17-171650-9 _93000 |
||
| 021 |
_aRU _bКН-П-25-045625 _9КН-П-25-4431 |
||
| 035 | _a(NLR Aleph) 022626808 | ||
| 090 |
_a13465763 _c13465763 |
||
| 100 | _a20250922d2025 u y0rusy50 ca | ||
| 101 | 1 |
_arus _cund |
|
| 102 | _aRU | ||
| 105 | _aa z 000ay | ||
| 181 | 0 |
_ai _baxxe |
|
| 182 | 0 | _an | |
| 200 | 1 |
_aКонец времен _iОгненная царица _eроман _fМэй Линь _gперевод: А. Винокуров |
|
| 203 |
_aТекст _bвизуальный _cнепосредственный |
||
| 210 |
_aМосква _cАСТ _d2025 |
||
| 215 |
_a382, [1] с. _cил. _d21 |
||
| 225 | 1 |
_aВрата двух миров _iФэнтези |
|
| 333 | _a16+ | ||
| 686 | 2 | _aШ6(2=Р)8-445 | |
| 700 | 0 | _aМэй Линь | |
| 942 | _cBOOK | ||
| 980 | _aNB | ||